[Event "Titled Tuesday intern op 17th Oct Late"]
[Site "Chess.com INT"]
[Date "2023.10.17"]
[Round "5"]
[White "Vdovin, Dmitry"]
[Black "Mirza, Diana"]
[Result "1-0"]
[WhiteElo "2301"]
[BlackElo "1913"]
[PlyCount "53"]
[EventDate "2023.10.17"]
[EventType "swiss (blitz)"]
[EventRounds "11"]
[EventCountry "USA"]
[SourceTitle "EXT 2025"]
[Source "ChessBase"]
[SourceDate "2024.10.14"]
[SourceVersion "1"]
[SourceVersionDate "2024.10.14"]
[SourceQuality "1"]

1. e4 e5 2. Nf3 d6 3. d4 exd4 4. Nxd4 Nf6 5. Nc3 Be7 6. Bd3 0-0 7. h3 Nc6 8. Be3 Nxd4 9. Bxd4 Be6 10. 0-0 Qd7 11. f4 a6 12. f5 c5 13. fxe6 fxe6 14. Bxf6 Bxf6 15. Qg4 Rae8 16. Rad1 b5 17. Ne2 Qa7 18. c4 Bxb2 19. Rxf8+ Kxf8 20. Nf4 Bd4+ 21. Kh1 Qe7 22. Rf1 Kg8 23. cxb5 axb5 24. Bxb5 Rf8 25. Qxe6+ Qxe6 26. Nxe6 Rxf1+ 27. Bxf1 1-0

[Event "Zhukovsky-chA"]
[Site "Zhukovsky"]
[Date "2010.04.01"]
[Round "5"]
[White "Avetisyan, Aleksey"]
[Black "Vdovin, Dmitry"]
[Result "1-0"]
[WhiteElo "2065"]
[BlackElo "2302"]
[PlyCount "85"]
[EventDate "2010.04.01"]
[EventType "swiss"]
[EventRounds "9"]
[EventCountry "RUS"]
[SourceTitle "EXT 2022"]
[Source "ChessBase"]
[SourceDate "2021.10.06"]
[SourceVersion "1"]
[SourceVersionDate "2021.10.06"]
[SourceQuality "1"]

1. e4 e5 2. Nf3 Nc6 3. Nc3 Nf6 4. Bb5 a6 5. Bxc6 dxc6 6. Nxe5 Nxe4 7. Nxe4 Qd4 8. 0-0 Qxe5 9. Re1 Be6 10. d4 Qf5 11. Ng5 0-0-0 12. Nxe6 fxe6 13. c3 e5 14. Be3 exd4 15. cxd4 Bd6 16. Rc1 Rhf8 17. h3 h6 18. Qg4 Qxg4 19. hxg4 g5 20. a3 Rf6 21. g3 Bf8 22. Rc2 Bg7 23. Rd1 Rfd6 24. Rcd2 Rd5 25. b3 Kb8 26. Kg2 Ka7 27. Kf3 Kb6 28. Ke4 Kb5 29. Rc1 Re8+ 30. Kf3 Red8 31. Ke4 a5 32. Rc5+ Rxc5 33. dxc5 Rxd2 34. Bxd2 a4 35. bxa4+ Kxc5 36. Kf5 Bd4 37. f4 Bf2 38. fxg5 hxg5 39. Bxg5 Bxg3 40. Be7+ Bd6 41. Ke6 Kd4 42. Bxd6 cxd6 43. g5 1-0

[Event "Zhukovsky Cup"]
[Site "Zhukovsky"]
[Date "2008.??.??"]
[Round "9"]
[White "Elishev, Ivan"]
[Black "Vdovin, Dmitry"]
[Result "1/2-1/2"]
[WhiteElo "2168"]
[BlackElo "2303"]
[PlyCount "97"]
[EventDate "2008.04.21"]
[EventType "swiss"]
[EventRounds "9"]
[EventCountry "RUS"]
[SourceTitle "EXT 2022"]
[Source "ChessBase"]
[SourceDate "2021.10.06"]
[SourceVersion "1"]
[SourceVersionDate "2021.10.06"]
[SourceQuality "1"]

1. e4 e5 2. Nf3 Nc6 3. Bc4 Nf6 4. 0-0 Nxe4 5. Nc3 Nxc3 6. dxc3 Be7 7. Qd5 0-0 8. Nxe5 Nxe5 9. Qxe5 Bf6 10. Qg3 d6 11. Re1 Bf5 12. Bd3 Qd7 13. Qf3 Bxd3 14. cxd3 Qb5 15. Qe2 Rfe8 16. Be3 Re6 17. d4 Qf5 18. Qd2 Rae8 19. Red1 d5 20. h3 c6 21. Qd3 Qh5 22. Rd2 Bg5 23. Bxg5 Qxg5 24. Rf1 f5 25. f4 Qh5 26. Rf3 Re4 27. c4 Qf7 28. cxd5 Qxd5 29. Qb3 Qxb3 30. Rxb3 R8e7 31. g3 Rd7 32. d5 cxd5 33. Rb5 Rc4 34. Rbxd5 Rc1+ 35. Kf2 Rxd5 36. Rxd5 Rc2+ 37. Ke3 Rxb2 38. a4 g6 39. g4 fxg4 40. hxg4 Rb4 41. a5 a6 42. g5 h5 43. gxh6 Kh7 44. Rd6 Rb5 45. Ke4 Kxh6 46. Rd7 Rxa5 47. Rxb7 Rf5 48. Ra7 Rf6 49. Ke5 1/2-1/2

[Event "RUS-Cup03 Geller Memorial"]
[Site "Moscow"]
[Date "1999.02.10"]
[Round "1"]
[White "Vdovin, Dmitry"]
[Black "Reprintsev, Alexander"]
[Result "0-1"]
[WhiteElo "2292"]
[BlackElo "2470"]
[PlyCount "64"]
[EventDate "1999.02.10"]
[EventType "swiss"]
[EventRounds "9"]
[EventCountry "RUS"]
[SourceTitle "CBM 070"]
[Source "ChessBase"]
[SourceDate "1999.06.08"]
[SourceVersion "1"]
[SourceVersionDate "1999.06.08"]
[SourceQuality "1"]

1. e4 d5 2. exd5 Qxd5 3. Nc3 Qa5 4. Nf3 Nf6 5. Be2 Nc6 6. 0-0 Bg4 7. d3 e6 8. h3 Bh5 9. Bf4 0-0-0 10. Ng5 Bg6 11. Bf3 Nd4 12. Re1 h6 13. Nge4 Qf5 14. Bg3 Nxf3+ 15. Qxf3 Qxf3 16. gxf3 Nh5 17. Nd2 Bf5 18. Kg2 f6 19. Nc4 e5 20. Ne2 g5 21. Rad1 Rh7 22. Ne3 Bg6 23. d4 Nf4+ 24. Bxf4 exf4 25. Ng4 h5 26. Nxf6 Rf7 27. Ne4 Bxe4 28. fxe4 f3+ 29. Kg3 h4+ 30. Kg4 fxe2 31. Rxe2 Be7 32. c3 Rh8 0-1

[Event "RUS-Cup03 Geller Memorial"]
[Site "Moscow"]
[Date "1999.02.07"]
[Round "6"]
[White "Nikitin, Andrey"]
[Black "Vdovin, Dmitry"]
[Result "0-1"]
[WhiteElo "2418"]
[BlackElo "2292"]
[PlyCount "50"]
[EventDate "1999.02.10"]
[EventType "swiss"]
[EventRounds "9"]
[EventCountry "RUS"]
[SourceTitle "CBM 070"]
[Source "ChessBase"]
[SourceDate "1999.06.08"]
[SourceVersion "1"]
[SourceVersionDate "1999.06.08"]
[SourceQuality "1"]

1. d4 d5 2. c4 c6 3. Nc3 Nf6 4. e3 a6 5. a4 e6 6. Bd3 Bb4 7. Nf3 Ne4 8. Qc2 f5 9. 0-0 Nd7 10. Bd2 Bd6 11. Rab1 0-0 12. b4 Qf6 13. Ne2 Qh6 14. Ng3 Ndf6 15. h3 Nxg3 16. fxg3 Bxg3 17. e4 Qh5 18. e5 Ne4 19. b5 Nxd2 20. Qxd2 axb5 21. cxd5 Rxa4 22. d6 Bd7 23. Bc2 Ra2 24. Qd3 Qg6 25. Bb3 Bh2+ 0-1